000 00260nam a22001097a 4500
082 _a540
100 _aSharma, J.D,.
_979635
245 _aScience Fair Projects Chemistry
260 _aGuwahati
_bBhagawati Pra
_c2018
650 _aChemistry
_979636
942 _cBK
999 _c63279
_d63279